| 000 | 00995nac a22002891u 4500 | ||
|---|---|---|---|
| 010 | _a 2007009578 | ||
| 020 | _a0672329476 | ||
| 020 | _a9780672329470 | ||
| 035 | _a(OCoLC)ocm85830781 | ||
| 035 | _a(OCoLC)85830781 | ||
| 082 | 0 | 0 |
_a004.682 _bNOE |
| 090 |
_c8215 _d8215 |
||
| 100 | _aNoel, Michael. | ||
| 245 | 1 | 0 |
_aMicrosoft SharePoint 2007 unleashed / _cMichael Noel and Colin Spence. |
| 250 | _aNew ed. | ||
| 260 |
_aIndianapolis, Ind. : _bSams,c2007. _cc2007. |
||
| 300 |
_axxi, 812 p. : _bill. ; _c23 cm. |
||
| 500 | _aIncludes index. | ||
| 500 | _aDistributer: Al-Ahram. | ||
| 511 | _aCatalogued By: Mahitab. | ||
| 650 | 0 | _aIntranets (Computer networks) | |
| 650 | 0 | _aWeb servers. | |
| 700 | 1 | _aSpence, Colin. | |
| 856 | 4 | 1 |
_3Table of contents only _uhttp://www.loc.gov/catdir/toc/ecip0712/2007009578.html |
| 942 |
_cBB _k004.682NOE |
||
| 999 |
_c8215 _d8215 |
||